[Event "73. C.to Provinciale VE"]
[Site "Venezia Campalto ITA"]
[Date "2013.01.26"]
[Round "3.1"]
[White "Zangrando, Gianpietro"]
[Black "Ballarin, Gabriele"]
[Result "0-1"]
[WhiteElo "1787"]
[BlackElo "1869"]
[Annotator "Gabriele Ballarin"]
[PlyCount "214"]
[EventDate "2013.01.25"]
[EventType "swiss"]
[EventRounds "5"]
[EventCountry "ITA"]
[SourceTitle "E-Mail 2000"]
[Source "ChessBase"]
[SourceDate "2000.04.19"]
[SourceVersion "1"]
[SourceVersionDate "2000.04.19"]
[SourceQuality "1"]

1. Nf3 d6 2. d4 Nf6 3. c4 Nbd7 4. Nc3 e5 5. e4 c6 6. Be2 Be7 7. O-O O-O 8. Rb1 a5 9. Qc2 Qc7 10. Bg5 Re8 11. Rbc1 exd4 12. Nxd4 Nc5 13. f3 Ne6 14. Be3 Nxd4 15. Bxd4 Nd7 16. Rfd1 Nc5 17. Bf2 Be6 18. Qd2 Rad8 19. Qf4 Nd7 20. Nd5 Bxd5 21. cxd5 Ne5 22. g4 h6 23. Qg3 Ng6 24. Bb5 Bg5 25. Rc2 Bf4 26. Qg2 Ne5 27. h4 Re7 28. Be2 c5 29. Kh1 g5 30. Bg3 Ng6 31. h5 Bxg3 32. Qxg3 Nf4 33. Bb5 f6 34. a3 Rf7 35. Qe1 Qb6 36. a4 Re7 37. Qc3 Re5 38. Kh2 Ra8 39. Rf2 Kg7 40. Qc4 Qd8 41. Qb3 Qb6 42. Qc4 Qd8 43. Qb3 Qe7 44. Bc4 Qc7 45. Qc3 Rae8 46. Re1 Qb6 47. Bb5 R8e7 48. Bc4 Qb4 49. Bb5 Nxd5 50. Qxb4 Nxb4 51. Rd1 d5 52. exd5 Nxd5 53. Kg3 Nf4 54. Rd8 Ne6 55. Rd6 Nd4 56. Bc4 Re3 57. Rd8 Re8 58. Rd7+ R3e7 59. Rd6 Rc7 60. Rd2 Re3 61. Rf2 Rce7 62. Rd8 Re8 63. Rd7+ R3e7 64. Rd6 Rc8 65. Rd2 Rce8 66. Rf2 Nc6 67. Rd5 Re5 68. Rd7+ R8e7 69. Rfd2 Kf8 70. R7d6 Kg7 71. Rd7 Rxd7 72. Rxd7+ Re7 73. Rd5 b6 74. Rd6 Ne5 75. Bb5 Rb7 76. Rd8 Nf7 77. Rd5 Kf8 78. Bd3 Ke7 79. Be4 Rd7 80. f4 Rxd5 81. Bxd5 Nd8 82. Kf3 Kd6 83. Bc4 Nc6 84. Ke4 Nd4 85. fxg5 fxg5 86. b3 Ke7 87. Ke5 Nf3+ 88. Kd5 Nd4 89. Ke5 Nf3+ 90. Kf5 Nd4+ 91. Kg6 Nf3 92. Kxh6 Kf6 93. Kh7 Ne5 94. Kg8 Nxg4 95. Be2 Nh6+ 96. Kh7 Nf7 97. Kg8 g4 98. Kh7 g3 99. Bf3 Kg5 100. Kg7 Nh6 101. Bg2 Nf5+ 102. Kf7 Nd4 103. Bd5 Nxb3 104. Bf3 Nd4 105. Kg7 c4 106. h6 Nf5+ 107. Kh7 c3 0-1

[Event "73. C.to Provinciale VE"]
[Site "Venezia Campalto ITA"]
[Date "2013.01.26"]
[Round "3.2"]
[White "Loris, Lorenzo"]
[Black "Cesaro, Giuliano"]
[Result "0-1"]
[WhiteElo "1440"]
[BlackElo "1869"]
[Annotator "Gabriele Ballarin"]
[PlyCount "42"]
[EventDate "2013.01.25"]
[EventType "swiss"]
[EventRounds "5"]
[EventCountry "ITA"]
[SourceTitle "E-Mail 2000"]
[Source "ChessBase"]
[SourceDate "2000.04.19"]
[SourceVersion "1"]
[SourceVersionDate "2000.04.19"]
[SourceQuality "1"]

1. e4 c6 2. f3 e5 3. Bc4 d5 4. exd5 cxd5 5. Bb5+ Nc6 6. Nc3 Nf6 7. Nge2 a6 8. Ba4 Bc5 9. f4 O-O 10. d3 Ng4 11. Ng3 Qh4 12. Qf3 Nxh2 13. Rxh2 Qxh2 14. Nxd5 Nd4 15. Qe4 Qxg3+ 16. Kd1 Bg4+ 17. Kd2 Qxg2+ 18. Kc3 Ne2+ 19. Kc4 b5+ 20. Bxb5 axb5+ 21. Kb3 Bf3 0-1

[Event "73. C.to Provinciale VE"]
[Site "Venezia Campalto ITA"]
[Date "2013.01.26"]
[Round "3.3"]
[White "Loris, Stefano"]
[Black "Guidobene, Davide"]
[Result "0-1"]
[WhiteElo "1710"]
[BlackElo "1530"]
[Annotator "Gabriele Ballarin"]
[PlyCount "66"]
[EventDate "2013.01.25"]
[EventType "swiss"]
[EventRounds "5"]
[EventCountry "ITA"]
[SourceTitle "E-Mail 2000"]
[Source "ChessBase"]
[SourceDate "2000.04.19"]
[SourceVersion "1"]
[SourceVersionDate "2000.04.19"]
[SourceQuality "1"]

1. d4 Nf6 2. c4 e6 3. Nc3 Bb4 4. Bg5 h6 5. Bxf6 Qxf6 6. Rc1 d6 7. a3 Bxc3+ 8. Rxc3 e5 9. dxe5 dxe5 10. e4 O-O 11. Nf3 Bg4 12. Qd5 Nc6 13. h3 Bxf3 14. Rxf3 Qg5 15. Qd1 Rfd8 16. Rd3 Rxd3 17. Qxd3 Qc1+ 18. Qd1 Qxb2 19. Qd2 Qb1+ 20. Qd1 Qxe4+ 21. Qe2 Qxe2+ 22. Bxe2 b6 23. O-O Rd8 24. Rc1 Nd4 25. Bd1 c5 26. Kf1 Nc6 27. Bf3 Na5 28. Bd5 Kf8 29. Rb1 Rd6 30. Ke2 Ke7 31. Ke3 f5 32. g4 f4+ 33. Ke4 Nxc4 0-1

[Event "73. C.to Provinciale VE"]
[Site "Venezia Campalto ITA"]
[Date "2013.01.26"]
[Round "3.4"]
[White "Ballarin, Pietro"]
[Black "Agostini, Irene"]
[Result "1-0"]
[WhiteElo "1685"]
[BlackElo "1440"]
[Annotator "Gabriele Ballarin"]
[PlyCount "51"]
[EventDate "2013.01.25"]
[EventType "swiss"]
[EventRounds "5"]
[EventCountry "ITA"]
[SourceTitle "E-Mail 2000"]
[Source "ChessBase"]
[SourceDate "2000.04.19"]
[SourceVersion "1"]
[SourceVersionDate "2000.04.19"]
[SourceQuality "1"]

1. e4 e5 2. Nf3 Nc6 3. d4 Bd6 4. Bb5 Qf6 5. c3 Qg6 6. Bxc6 dxc6 7. O-O Nf6 8. dxe5 Bxe5 9. Nxe5 Qxe4 10. Re1 Qd5 11. Qxd5 cxd5 12. Ng6+ Be6 13. Nxh8 O-O-O 14. Nxf7 Bxf7 15. Bg5 h6 16. Bxf6 gxf6 17. Nd2 f5 18. Nf3 f4 19. Re5 Bg6 20. Rae1 b6 21. Re6 Rg8 22. Nh4 Bf7 23. Rf6 Rg4 24. Rxf7 Rxh4 25. Ree7 Kb7 26. Rxc7+ 1-0

[Event "73. C.to Provinciale VE"]
[Site "Venezia Campalto ITA"]
[Date "2013.01.27"]
[Round "4.1"]
[White "Cesaro, Giuliano"]
[Black "Ballarin, Gabriele"]
[Result "0-1"]
[WhiteElo "1869"]
[BlackElo "1869"]
[Annotator "Gabriele Ballarin"]
[PlyCount "82"]
[EventDate "2013.01.25"]
[EventType "swiss"]
[EventRounds "5"]
[EventCountry "ITA"]
[SourceTitle "E-Mail 2000"]
[Source "ChessBase"]
[SourceDate "2000.04.19"]
[SourceVersion "1"]
[SourceVersionDate "2000.04.19"]
[SourceQuality "1"]

1. d4 d6 2. Nf3 Nf6 3. g3 Nbd7 4. Bg2 e5 5. dxe5 dxe5 6. O-O c6 7. c4 Qc7 8. Nc3 Be7 9. a3 a5 10. b3 O-O 11. Bb2 Re8 12. Qc2 Bf8 13. Nd2 Nc5 14. Nce4 Nfxe4 15. Nxe4 Ne6 16. Rfd1 f5 17. Nd2 g6 18. Nf3 Bg7 19. c5 e4 20. Nd4 Nxd4 21. Bxd4 Be6 22. Qc3 Bd5 23. e3 Ra7 24. Bf1 Bf8 25. b4 axb4 26. axb4 Rea8 27. Rxa7 Rxa7 28. Be5 Qc8 29. b5 Kf7 30. b6 Ra4 31. Bh8 Qe6 32. Bd4 Qc8 33. Ra1 Qa8 34. Rxa4 Qxa4 35. Qa1 Qxa1 36. Bxa1 Bxc5 37. Ba6 bxa6 38. b7 Bd6 39. Bd4 c5 40. Bxc5 Bb8 41. Kf1 Bxb7 0-1

[Event "73. C.to Provinciale VE"]
[Site "Venezia Campalto ITA"]
[Date "2013.01.27"]
[Round "4.2"]
[White "Guidobene, Davide"]
[Black "Ballarin, Pietro"]
[Result "0-1"]
[WhiteElo "1530"]
[BlackElo "1685"]
[Annotator "Gabriele Ballarin"]
[PlyCount "116"]
[EventDate "2013.01.25"]
[EventType "swiss"]
[EventRounds "5"]
[EventCountry "ITA"]
[SourceTitle "E-Mail 2000"]
[Source "ChessBase"]
[SourceDate "2000.04.19"]
[SourceVersion "1"]
[SourceVersionDate "2000.04.19"]
[SourceQuality "1"]

1. d4 Nf6 2. c4 e6 3. Nc3 Bb4 4. Qc2 c5 5. dxc5 Qa5 6. Bd2 Na6 7. Nb5 Bxd2+ 8. Qxd2 Qxd2+ 9. Kxd2 Ne4+ 10. Ke3 Nexc5 11. b4 Nxb4 12. Kd4 Nca6 13. Kc3 d5 14. a3 Nc6 15. cxd5 exd5 16. e3 O-O 17. Nd6 Nc5 18. Nxc8 Ne4+ 19. Kb2 Raxc8 20. Nh3 d4 21. Re1 Rfe8 22. f3 Nd2 23. e4 Nxf1 24. Rhxf1 Ne5 25. Ka1 Rc2 26. Rf2 Rec8 27. Kb1 R2c3 28. Rd1 d3 29. Rfd2 Rxa3 30. Nf2 Nc4 31. Rxd3 Rxd3 32. Rxd3 Kf8 33. Rd7 Na5 34. Ng4 Ke8 35. Ne5 f6 36. Rxg7 fxe5 37. Rxh7 Rd8 38. Kc2 Rd7 39. Rh8+ Ke7 40. Rh7+ Ke6 41. Rh6+ Ke7 42. h4 Kf8 43. g4 Rf7 44. Rh5 Nc6 45. Rf5 Nd4+ 46. Kd3 Nxf3 47. h5 Rxf5 48. exf5 Ng5 49. Kc4 e4 50. Kd4 a5 51. Ke3 a4 52. Kf4 Nh7 53. g5 a3 54. g6 a2 55. gxh7 Kg7 56. f6+ Kxh7 57. Kg5 a1=Q 58. h6 Qxf6+ 0-1

[Event "73. C.to Provinciale VE"]
[Site "Venezia Campalto ITA"]
[Date "2013.01.27"]
[Round "4.3"]
[White "Loris, Stefano"]
[Black "Zangrando, Gianpietro"]
[Result "1/2-1/2"]
[WhiteElo "1710"]
[BlackElo "1787"]
[Annotator "Gabriele Ballarin"]
[PlyCount "93"]
[EventDate "2013.01.25"]
[EventType "swiss"]
[EventRounds "5"]
[EventCountry "ITA"]
[SourceTitle "E-Mail 2000"]
[Source "ChessBase"]
[SourceDate "2000.04.19"]
[SourceVersion "1"]
[SourceVersionDate "2000.04.19"]
[SourceQuality "1"]

1. d4 e6 2. c4 d5 3. e3 c6 4. Bd3 Bd6 5. Nf3 f5 6. Nbd2 Nf6 7. Ne5 O-O 8. O-O Nbd7 9. Ndf3 Qc7 10. Nxd7 Bxd7 11. c5 Be7 12. Ne5 Be8 13. a4 Bxc5 14. b3 Bd6 15. Ba3 Bh5 16. Qc1 Nd7 17. f4 Rf6 18. Bxd6 Qxd6 19. Qe1 Rh6 20. Nf3 Bxf3 21. Rxf3 Nf6 22. h3 Kh8 23. Ra2 Rg8 24. Rg3 Qe7 25. Kf1 Nd7 26. Rg5 Nf6 27. Ke2 Rh5 28. Rxh5 Nxh5 29. g4 fxg4 30. hxg4 Nf6 31. g5 Ne4 32. Bxe4 dxe4 33. Kd1 Qd7 34. Kc1 Qd5 35. Qc3 Rc8 36. Kb1 Kg8 37. Rh2 g6 38. Kb2 a6 39. Qe1 Qf5 40. Qb4 Qf8 41. Qe1 Qf5 42. Qb4 Qf8 43. Qb6 Qe7 44. Qa5 Rf8 45. Qe5 Rf5 46. Qb8+ Rf8 47. Qe5 1/2-1/2

[Event "73. C.to Provinciale VE"]
[Site "Venezia Campalto ITA"]
[Date "2013.01.27"]
[Round "4.4"]
[White "Loris, Lorenzo"]
[Black "Pomponio, Stefano"]
[Result "0-1"]
[WhiteElo "1440"]
[BlackElo "1517"]
[Annotator "Gabriele Ballarin"]
[PlyCount "58"]
[EventDate "2013.01.25"]
[EventType "swiss"]
[EventRounds "5"]
[EventCountry "ITA"]
[SourceTitle "E-Mail 2000"]
[Source "ChessBase"]
[SourceDate "2000.04.19"]
[SourceVersion "1"]
[SourceVersionDate "2000.04.19"]
[SourceQuality "1"]

1. e4 e5 2. f3 Nf6 3. Nc3 d5 4. d4 exd4 5. Qxd4 Nc6 6. Qd1 d4 7. e5 Nxe5 8. Nb5 Bb4+ 9. c3 dxc3 10. bxc3 Qxd1+ 11. Kxd1 Ba5 12. Bf4 Nfd7 13. Kc2 a6 14. Nd4 O-O 15. Re1 Re8 16. Re4 c6 17. Nh3 h6 18. Bc4 b5 19. Nxc6 Bb7 20. Bd5 Bxc6 21. Rhe1 Bxd5 22. Rxe5 Nxe5 23. Bxe5 f6 24. Nf4 Rxe5 25. Rxe5 fxe5 26. Nxd5 Kf7 27. Kb3 Ke6 28. c4 bxc4+ 29. Kxc4 Rc8+ 0-1

[Event "73. C.to Provinciale VE"]
[Site "Venezia Campalto ITA"]
[Date "2013.01.27"]
[Round "5.1"]
[White "Ballarin, Gabriele"]
[Black "Guidobene, Davide"]
[Result "1/2-1/2"]
[WhiteElo "1869"]
[BlackElo "1530"]
[Annotator "Gabriele Ballarin"]
[PlyCount "38"]
[EventDate "2013.01.25"]
[EventType "swiss"]
[EventRounds "5"]
[EventCountry "ITA"]
[SourceTitle "E-Mail 2000"]
[Source "ChessBase"]
[SourceDate "2000.04.19"]
[SourceVersion "1"]
[SourceVersionDate "2000.04.19"]
[SourceQuality "1"]

1. e4 c5 2. Nf3 d6 3. c3 Nf6 4. Be2 Nc6 5. d3 Qb6 6. Nbd2 g6 7. O-O Bg7 8. Nc4 Qc7 9. Ne1 O-O 10. h3 Rd8 11. Qc2 h6 12. Ne3 d5 13. f4 d4 14. Nd1 e5 15. fxe5 Qxe5 16. Bf4 Qe7 17. Nf2 Be6 18. Nf3 Nd7 19. Rae1 Nde5 1/2-1/2

[Event "73. C.to Provinciale VE"]
[Site "Venezia Campalto ITA"]
[Date "2013.01.27"]
[Round "5.2"]
[White "Ballarin, Pietro"]
[Black "Zangrando, Gianpietro"]
[Result "1/2-1/2"]
[WhiteElo "1685"]
[BlackElo "1787"]
[Annotator "Gabriele Ballarin"]
[PlyCount "57"]
[EventDate "2013.01.25"]
[EventType "swiss"]
[EventRounds "5"]
[EventCountry "ITA"]
[SourceTitle "E-Mail 2000"]
[Source "ChessBase"]
[SourceDate "2000.04.19"]
[SourceVersion "1"]
[SourceVersionDate "2000.04.19"]
[SourceQuality "1"]

1. e4 e6 2. d4 d5 3. Nd2 Nf6 4. e5 Nfd7 5. Bd3 c5 6. c3 Nc6 7. Ne2 b6 8. O-O cxd4 9. cxd4 Nb4 10. Bb1 Ba6 11. a3 Nd3 12. Nf3 Nxc1 13. Nxc1 Bxf1 14. Qxf1 Be7 15. Ne2 O-O 16. Nc3 f5 17. exf6 Rxf6 18. Qd3 Rg6 19. Bc2 Rc8 20. Re1 Nf8 21. Qe2 Rh6 22. Ne5 Bf6 23. Ng4 Rh4 24. g3 Rxg4 25. Qxg4 Rc4 26. Rd1 e5 27. Qf5 e4 28. Nxe4 dxe4 29. Bb3 1/2-1/2

[Event "73. C.to Provinciale VE"]
[Site "Venezia Campalto ITA"]
[Date "2013.01.27"]
[Round "5.3"]
[White "Pomponio, Stefano"]
[Black "Cesaro, Giuliano"]
[Result "0-1"]
[WhiteElo "1517"]
[BlackElo "1869"]
[Annotator "Gabriele Ballarin"]
[PlyCount "94"]
[EventDate "2013.01.25"]
[EventType "swiss"]
[EventRounds "5"]
[EventCountry "ITA"]
[SourceTitle "E-Mail 2000"]
[Source "ChessBase"]
[SourceDate "2000.04.19"]
[SourceVersion "1"]
[SourceVersionDate "2000.04.19"]
[SourceQuality "1"]

1. e4 c6 2. d4 d5 3. exd5 cxd5 4. Nf3 Nc6 5. c3 Nf6 6. Bd3 Bg4 7. Nbd2 e6 8. O-O Bd6 9. h3 Bh5 10. Qc2 Bg6 11. Bxg6 hxg6 12. Re1 O-O 13. Nf1 Ne4 14. N3d2 Nxd2 15. Bxd2 Rc8 16. a3 Nxd4 17. Qa4 Rc4 18. Qd1 Nf5 19. Ne3 Nxe3 20. Bxe3 a6 21. Qc2 Qh4 22. b3 Rc6 23. Qd3 Rfc8 24. Bd2 b5 25. Rec1 Bc5 26. Qf3 e5 27. b4 Bb6 28. Qe2 e4 29. a4 bxa4 30. Rxa4 d4 31. Rxa6 d3 32. Qf1 Qxf2+ 33. Qxf2 Bxf2+ 34. Kxf2 Rxa6 35. Ke3 Ra2 36. Rb1 f5 37. g3 g5 38. Rf1 g6 39. Rd1 Kf7 40. Kd4 Rc2 41. b5 Ke6 42. b6 Rb2 43. Bxg5 Rxb6 44. Rc1 Rd6+ 45. Ke3 Kd5 46. Be7 Re6 47. Bb4 Rb8 0-1

[Event "73. C.to Provinciale VE"]
[Site "Venezia Campalto ITA"]
[Date "2013.01.27"]
[Round "5.4"]
[White "Agostini, Irene"]
[Black "Loris, Lorenzo"]
[Result "0-1"]
[WhiteElo "1440"]
[BlackElo "1440"]
[Annotator "Gabriele Ballarin"]
[PlyCount "60"]
[EventDate "2013.01.25"]
[EventType "swiss"]
[EventRounds "5"]
[EventCountry "ITA"]
[SourceTitle "E-Mail 2000"]
[Source "ChessBase"]
[SourceDate "2000.04.19"]
[SourceVersion "1"]
[SourceVersionDate "2000.04.19"]
[SourceQuality "1"]

1. e4 b6 2. Nc3 Bb7 3. Bc4 e6 4. a3 Nf6 5. d3 d5 6. exd5 exd5 7. Qe2+ Be7 8. Bb5+ Nc6 9. d4 a6 10. Ba4 O-O 11. Qd3 Re8 12. Nf3 Bxa3+ 13. Ne2 Bb4+ 14. c3 Bd6 15. O-O a5 16. Bc2 Ba6 17. Qf5 Rxe2 18. Bg5 g6 19. Qxf6 Qxf6 20. Bxf6 Rxc2 21. Rfb1 Re8 22. Bh4 Ree2 23. Re1 Rxb2 24. Rxe2 Bxe2 25. Ng5 Rc2 26. Re1 a4 27. Nh3 a3 28. Bf6 a2 29. f3 Ba3 30. Ng5 Bb2 0-1

[Event "45.CIS Serie B/7"]
[Site "Padova"]
[Date "2013.03.24"]
[Round "3.1"]
[White "Bonato, Mariano"]
[Black "Fregonese, Giulio"]
[Result "0-1"]
[WhiteElo "2148"]
[BlackElo "2204"]
[Annotator "Gabriele Ballarin"]
[PlyCount "50"]
[EventDate "2013.03.24"]
[EventType "team"]
[EventRounds "3"]
[EventCountry "ITA"]
[WhiteTeam "Micha Padova"]
[BlackTeam "Venezia Canal B "]
[WhiteTeamCountry "ITA"]
[BlackTeamCountry "ITA"]

1. e4 e5 2. d4 exd4 3. f4 Bb4+ 4. Bd2 Qe7 5. Bd3 Nf6 6. Nf3 Bc5 7. O-O Nc6 8. a3 a5 9. h3 d6 10. e5 Nd5 11. exd6 Qxd6 12. Re1+ Nce7 13. Ng5 f5 14. Qh5+ g6 15. Qh6 Qf6 16. Kh1 Bd7 17. Bc4 O-O-O 18. b4 Ba7 19. bxa5 Ne3 20. Bxe3 dxe3 21. Ra2 Qd4 22. Bd3 Bc6 23. Re2 Qxf4 24. Rb2 Bd4 25. Rb4 Qf1+ 0-1

[Event "45.CIS Serie B/7"]
[Site "Padova"]
[Date "2013.03.24"]
[Round "3.2"]
[White "Bertaglia, Luca"]
[Black "Ventura, Sergio"]
[Result "1/2-1/2"]
[WhiteElo "2066"]
[BlackElo "2100"]
[Annotator "Micha PD-Canal B"]
[PlyCount "94"]
[EventDate "2013.03.24"]
[EventType "team"]
[EventRounds "3"]
[EventCountry "ITA"]
[WhiteTeam "Venezia Canal B "]
[BlackTeam "Micha Padova"]
[WhiteTeamCountry "ITA"]
[BlackTeamCountry "ITA"]

1. d4 f5 2. c4 e6 3. Nc3 Nf6 4. f3 d5 5. e3 c6 6. Qc2 Bd6 7. Bd2 O-O 8. Bd3 Nbd7 9. cxd5 Nxd5 10. Nxd5 cxd5 11. Ne2 Nb6 12. O-O Bd7 13. b3 Qe7 14. Bc3 Rac8 15. Qd2 Rf6 16. g3 Rh6 17. Nf4 g5 18. Ng2 Qf7 19. Bb4 Bb8 20. f4 Qh5 21. Ne1 Bc6 22. Nf3 g4 23. Ne5 Bxe5 24. dxe5 d4 25. exd4 Nd5 26. Rf2 Qh3 27. Bf1 Qh5 28. Rc1 Rd8 29. Bc5 a6 30. Bd6 Rd7 31. Bxa6 Nf6 32. exf6 Rxd6 33. Bf1 Qf7 34. Bg2 Qd7 35. Bxc6 bxc6 36. Rc4 c5 37. Rxc5 Rxd4 38. Qc3 (38. Qc2 Rd1+ 39. Rf1 Qd4+ 40. Qf2 Qxf2+ 41. Kxf2 Rxh2+ 42. Kg1 Rdd2 $19) 38... Rd1+ 39. Rf1 Rxf1+ 40. Kxf1 Qd1+ 41. Qe1 Qxe1+ 42. Kxe1 Rxh2 43. a4 h5 44. Kf1 Rb2 45. Rb5 Rb1+ 46. Kg2 Rb2+ 47. Kf1 Rb1+ 1/2-1/2

[Event "45.CIS Serie B/7"]
[Site "Padova"]
[Date "2013.03.24"]
[Round "3.3"]
[White "Alberton, Roberto"]
[Black "Bonivento, Alvise"]
[Result "1/2-1/2"]
[WhiteElo "2093"]
[BlackElo "1706"]
[Annotator "Gabriele Ballarin"]
[PlyCount "50"]
[EventDate "2013.03.24"]
[EventType "team"]
[EventRounds "3"]
[EventCountry "ITA"]
[WhiteTeam "Micha Padova"]
[BlackTeam "Venezia Canal B "]
[WhiteTeamCountry "ITA"]
[BlackTeamCountry "ITA"]

1. Nf3 d5 2. d4 c5 3. c3 Nc6 4. Bf4 Nf6 5. dxc5 a5 6. Na3 Nh5 7. Qd2 f6 8. O-O-O e5 9. Be3 Be6 10. Nb5 f5 11. g3 Nf6 12. Ng5 Bg8 13. f3 h6 14. Nh3 Qd7 15. Na3 Rc8 16. Kb1 Na7 17. Bg2 Bxc5 18. Bxc5 Rxc5 19. Qe3 Qe7 20. b4 axb4 21. cxb4 Rc6 (21... d4 22. Rxd4 Nd5 23. Rxd5 Rxd5 24. Qxa7 Qxb4+ 25. Kc1 Qc3+ 26. Kb1 Rd2 27. Qa4+ b5 28. Qxb5+ Ke7 $19) 22. Qxa7 Qxb4+ 23. Ka1 Qc3+ 24. Kb1 Qb4+ 25. Ka1 Qc3+ 1/2-1/2

[Event "45.CIS Serie B/7"]
[Site "Padova"]
[Date "2013.03.24"]
[Round "3.4"]
[White "Pasqualetto, Lorenzo"]
[Black "Viaggi, Stefano"]
[Result "1/2-1/2"]
[WhiteElo "1832"]
[BlackElo "2042"]
[Annotator "Gabriele Ballarin"]
[PlyCount "87"]
[EventDate "2013.03.24"]
[EventType "team"]
[EventRounds "3"]
[EventCountry "ITA"]
[WhiteTeam "Venezia Canal B "]
[BlackTeam "Micha Padova"]
[WhiteTeamCountry "ITA"]
[BlackTeamCountry "ITA"]

1. d4 g6 2. e4 Bg7 3. Nf3 d6 4. Be3 Nd7 5. Bc4 e6 6. Qd2 h6 7. Nc3 a6 8. a4 b6 9. O-O Bb7 10. Ne1 Ne7 11. f4 Nf6 12. Qd3 d5 13. exd5 Nexd5 14. Nxd5 Nxd5 15. c3 O-O 16. Nf3 Qd6 17. Ne5 Rad8 18. Rae1 Nxe3 19. Qxe3 c5 20. dxc5 Qxc5 21. Qxc5 bxc5 22. Rd1 Bxe5 23. fxe5 a5 24. b3 Be4 25. Rd6 Rxd6 26. exd6 Rd8 27. Rd1 Bc6 28. Bb5 Bd5 29. c4 Be4 30. d7 Kf8 31. Rd6 Ke7 32. Ra6 Ra8 33. Rb6 Kd8 34. Bc6 Bxc6 35. Rxc6 Kxd7 36. Rxc5 Rb8 37. Rxa5 Rxb3 38. Ra7+ Ke8 39. c5 Rc3 40. Rc7 Ra3 41. Ra7 Rc3 42. Rc7 Ra3 43. Ra7 Rc3 44. Rc7 1/2-1/2

[Event "16.Open B"]
[Site "Padova"]
[Date "2013.12.14"]
[Round "1.6"]
[White "Negro, Roberto"]
[Black "Zanchetta, Nicola"]
[Result "1/2-1/2"]
[WhiteElo "2183"]
[BlackElo "1897"]
[Annotator "Gabriele Ballarin"]
[PlyCount "92"]
[EventDate "2013.12.14"]
[EventType "swiss"]
[EventRounds "6"]
[EventCountry "ITA"]

1. c4 Nf6 2. g3 e5 3. Bg2 Bc5 4. Nc3 O-O 5. e3 c6 6. d4 exd4 7. exd4 Bb4 8. Nge2 d5 9. cxd5 Nxd5 10. O-O Bxc3 11. Nxc3 Be6 12. Ne4 Na6 13. b3 Bf5 14. Ba3 Bxe4 15. Bxe4 Re8 16. Qd3 h6 17. Bb2 Nab4 18. Qf3 Nf6 19. Bb1 Qd5 20. Qc3 Na6 21. Bd3 Ne4 22. Bxe4 Rxe4 23. Rae1 Rae8 24. Rxe4 Rxe4 25. Re1 Rxe1+ 26. Qxe1 Qd7 27. Qa5 f6 28. h4 Qc7 29. Qc3 Qf7 30. Qa5 Qc7 31. Qe1 Qd7 32. Qa5 Qc7 33. Qa4 Qe7 34. Qc4+ Qf7 35. Qe2 Nc7 36. Qg4 Qe6 37. Qf4 Nd5 38. Qd2 (38. Qb8+ Kh7 39. Qxb7 Qe1+ 40. Kg2 Qe4+ 41. Kh2 Qe2 42. Qxc6 Qxf2+ 43. Kh3 Ne3 44. Qe4+ f5) 38... Qe4 39. Ba3 a6 40. Bc5 f5 (40... Qf3 41. Qe1 Nc3 42. Qe8+ Kh7 43. Qe1 f5 44. Bd6 Ne2+ 45. Kh2 Nxd4 46. Bc5 Ne2 47. Qd1 f4 48. Qc2+) 41. Bd6 Qf3 42. Qe1 Nc3 43. Qe8+ Kh7 44. h5 Ne2+ 45. Kf1 Nxd4 46. Qg6+ Kh8 1/2-1/2

[Event "16.Open B"]
[Site "Padova"]
[Date "2013.12.15"]
[Round "2.16"]
[White "Zanchetta, Nicola"]
[Black "Pastore, Mauro"]
[Result "1-0"]
[WhiteElo "1897"]
[BlackElo "1718"]
[Annotator "Gabriele Ballarin"]
[PlyCount "93"]
[EventDate "2013.12.14"]
[EventType "swiss"]
[EventRounds "6"]
[EventCountry "ITA"]

1. e4 e6 2. d3 d5 3. Nd2 Nf6 4. Ngf3 Be7 5. g3 O-O 6. Bg2 c5 7. O-O Nc6 8. c3 dxe4 9. dxe4 e5 10. Qc2 Bg4 11. Nc4 Bxf3 12. Bxf3 Qc7 13. Bg5 h6 14. Bxf6 Bxf6 15. Ne3 Ne7 16. Rfd1 Rad8 17. Qb3 a6 18. a4 Bg5 19. Nc4 Nc6 20. h4 Bf6 21. Ne3 Na5 22. Qc2 c4 23. Nd5 Qc6 24. Be2 Nb3 25. Ra3 Na5 26. Bf1 Rfe8 27. Qe2 Rc8 28. Qf3 Be7 29. Ra2 Bc5 30. h5 Bf8 31. Qg4 Qe6 32. Qxe6 Rxe6 33. Bh3 Rec6 34. Bxc8 Rxc8 35. Raa1 Nb3 36. Rab1 Nc5 37. Nb6 Rc6 38. Nxc4 Nxe4 39. Nxe5 Re6 40. Nd7 Ng5 41. Nxf8 Kxf8 42. Kg2 Re2 43. Re1 Rc2 44. Re3 Ne6 45. b4 Ke7 46. Rd1 Ke8 47. Rd6 1-0

[Event "16.Open B"]
[Site "Padova"]
[Date "2013.12.15"]
[Round "2.19"]
[White "Roncato, Antonio"]
[Black "Stradiotto, Angelo"]
[Result "1-0"]
[WhiteElo "1958"]
[BlackElo "1751"]
[Annotator "Dyotto"]
[PlyCount "57"]
[EventDate "2013.12.14"]
[EventType "swiss"]
[EventRounds "6"]
[EventCountry "ITA"]

{[%evp 0,57,23,12,17,-10,38,42,72,66,77,10,6,-3,13,-16,43,24,23,23,23,6,6,24,24,33,47,46,40,10,11,15,9,17,53,50,62,62,62,56,79,11,66,50,78,34,136,126,132,74,166,108,264,306,550,510,902,959,959,1115]} 1. d4 Nf6 2. c4 g6 3. Nc3 d5 4. Nf3 Bg7 5. g3 O-O 6. Bg2 c6 7. O-O Nbd7 8. b3 dxc4 9. bxc4 Nb6 10. c5 Nbd5 11. Nxd5 Nxd5 12. Bb2 f5 13. e3 b6 14. cxb6 axb6 15. Qb3 e6 16. Rfc1 Bd7 17. Ne5 Bxe5 18. dxe5 Be8 19. a4 Ra5 20. Bf1 h5 21. Re1 Bd7 22. e4 Ne7 23. Bc4 Kf7 24. f3 Ra8 25. Rad1 Qc7 26. Rd6 Rfd8 27. Red1 Bc8 28. Bxe6+ Bxe6 29. Qxe6+ 1-0

[Event "16.Open B"]
[Site "Padova"]
[Date "2013.12.15"]
[Round "3.27"]
[White "Stradiotto, Angelo"]
[Black "Ciani, Davide"]
[Result "0-1"]
[WhiteElo "1751"]
[BlackElo "1703"]
[Annotator "Dyotto"]
[PlyCount "63"]
[EventDate "2013.12.14"]
[EventType "swiss"]
[EventRounds "6"]
[EventCountry "ITA"]

{[%evp 0,63,19,31,72,53,48,36,76,44,49,29,71,-8,20,28,42,39,40,65,72,45,30,51,79,14,10,-8,-2,-60,-49,-54,-38,-41,-43,-39,4,-50,14,16,44,-215,-215,-225,-202,-285,-317,-316,-316,-321,-321,-321,-257,-234,-211,-199,-199,-245,-260,-299,-312,-450,-422,-735,-361,-449]} 1. e4 c5 2. Nf3 Nc6 3. Bb5 d6 4. O-O Bd7 5. Re1 a6 6. Bf1 e6 7. c3 Nf6 8. d4 e5 9. h3 b5 10. a3 Be7 11. d5 Na7 12. Nh2 O-O 13. f4 Nc8 14. f5 Nb6 15. Ng4 Re8 16. Nf2 c4 17. g4 Kh8 18. h4 Rg8 19. g5 Ne8 20. g6 fxg6 21. fxg6 Bxh4 22. Re2 Qf6 23. gxh7 Rf8 24. Be3 Na4 25. Bg2 Bg3 26. Nh1 Qh4 27. Nxg3 Qxg3 28. Bf2 Qg6 29. Qc1 Nf6 30. Re3 Nh5 31. Kf1 Nc5 32. Qd1 0-1